00975nam a22003251 4500001000900000003000900009005001700018007000900035008004100044016001600085017000900101020001500110035000600125040002200131080000600153080000600159082002000165100002600185245007000211260003000281300001600311490002400327500007500351500003100426505004300457505004100500650004500541651003700586830002600623 005668 DO-SdBNP20171109090705.0 005668 900725s1974 sp spa 7 a z 2BPMSU a b  a8403129971 a  aBPMSUbspacBPMSU 0a  0a  4a324.246 bA792p1 aArtola, Migueld1923-10aPartidos y programas políticos, 1808-1936 / h cMiguel Artola 0 aMadrid :bAguilar, c1974 a2 v.c25 cm1 aCultural e historia a Incluye referencias bibliográficas y notas al pie de las páginas  aLa biblioteca posee el v.10 gv. 1 : t Los partidos políticos a 0 gv. 2 : t Manifiestos y programasa  4aPARTIDOS POLÍTICOSzESPAÑAxHISTORIA 4aESPAÑAxPOLÍTICA Y GOBIERNO a Cultural e Historia